HIMYM Thanksgiving Episodes Quiz Stats

 Plays Quiz not verified by Sporcle

Also try: The Wire Nicknames
Challenge
Share
Tweet
Embed
Score 0/20 Timer 12:00
0 Plays Today
Television % Correct
Belly Full Of Turkey: Where do the Ericksen's LiveSt Cloud Minnesota
86.8%
Belly Full Of Turkey: How Many Cups of Mayonnaise Does the Eriksen 7 Layer Salad Have16 Cups
83.3%
Belly Full Of Turkey: What Did Lily get Arressted forPublic Urination
83.3%
Slapsgiving: Which two People Have Sex Together in this episodeRobin and Ted
77.8%
Belly Full Of Turkey: What is the Game Called That is a Combination of Basketball and Ice HockeyBaskiceball
76.2%
Slapsgiving 2 Revenge Of The Slap: Who End Up Slapping BarneyMarshall
73%
Blitzgiving: Name 1 of the 3 People Who Became the Blitz in this EpisodeSteve
69.8%
Slapsgiving: What Was Bob's Real Age41
67.5%
Slapsgiving: What is The Name Of Marshall's Song at the end of The EpisodeYou Just Got Slapped
64.6%
Belly Full Of Turkey: Where Do Barney,Robin and Ted end up Spending ThanksgivingAt a Strip Club
57.9%
Television % Correct
Slapsgiving: The Four People I Love Most in the World and......Bob
56.9%
Slapsgiving 2 Revenge Of The Slap: What Is The Game Lily's Dad Brings on ThanksgivingDiseases
55%
Blitzgiving: Which 2 people bacame Friends in this EpisodeTed and Zoey
54%
Blitzgiving: What Does Ted Call His Creation of a Smaller Turkey Stuffed In a Bigger TurkeyTurturkeykey
51.4%
Blitzgiving: What is The Blitz's Real NameSteve
40.8%
Blitzgiving: Where do they end up Spending Thanksgiving Zoey's House
39.2%
Slapsgiving 2 Revenge Of The Slap: Marshall Says the Slap has to be Before WhatSundown
34.4%
Slapsgiving: What Does Robin Need Help WithMaking Pies
28%
Slapsgiving 2 Revenge Of The Slap: Robin Says She's Never Slapped Barney WhereAbove The Waist
27.3%
Slapsgiving 2 Revenge Of The Slap: What do they call the look That Lily gives to people that make her AngryYour Dead To Me Look
20.3%

You're not logged in!

Compare scores with friends on all Sporcle quizzes.
Join for Free
OR
Log In

You Might Also Like...

Show Comments

Extras

Top Quizzes Today


Score Distribution

Your Account Isn't Verified!

In order to create a playlist on Sporcle, you need to verify the email address you used during registration. Go to your Sporcle Settings to finish the process.

Report this User

Report this user for behavior that violates our Community Guidelines.

Details: